Comuni della Provincia di Viterbo (con mappa) - Statistics

Statistiche generali
  • Questo quiz è stato fatto 72 volte
  • Il punteggio medio è 42 su 60
Risposte nella Mappa
Le risposte nella mappa del quiz sottostante sono codificate secondo una scala di colori dal rosso al verde in base alla % di persone che hanno risposto correttamente.
 
Statistiche sulle risposte
Risposta % Corretto
Montalto di Castro
90%
Tarquinia
90%
Tuscania
90%
Viterbo
90%
Bolsena
85%
Nepi
85%
Orte
85%
Acquapendente
80%
Bagnoregio
80%
Capranica
80%
Civita Castellana
80%
Grotte di Castro
80%
Montefiascone
80%
Bassano in Teverina
75%
Bassano Romano
75%
Capodimonte
75%
Fabrica di Roma
75%
Ischia di Castro
75%
Soriano nel Cimino
75%
Sutri
75%
Valentano
75%
Vetralla
75%
Vitorchiano
75%
Arlena di Castro
70%
Blera
70%
Bomarzo
70%
Canino
70%
Latera
70%
Marta
70%
Monte Romano
70%
Onano
70%
Oriolo Romano
70%
San Lorenzo Nuovo
70%
Vallerano
70%
Vignanello
70%
Caprarola
65%
Castel Sant'Elia
65%
Castiglione in Teverina
65%
Celleno
65%
Cellere
65%
Corchiano
65%
Faleria
65%
Farnese
65%
Gradoli
65%
Proceno
65%
Ronciglione
65%
Vasanello
65%
Barbarano Romano
60%
Calcata
60%
Canepina
60%
Gallese
60%
Graffignano
60%
Monterosi
60%
Piansano
60%
Tessennano
60%
Villa San Giovanni in Tuscia
60%
Carbognano
55%
Civitella d'Agliano
55%
Lubriano
55%
Vejano
55%
Nessun quiz corrispondente trovato
Distribuzione punteggi
Percentuale di utenti per punteggio
Percentile per numero di risposta
I tuoi punteggi nel tempo
Non hai fatto questo quiz